| 000 | 02153nam a22004697a 4500 | ||
|---|---|---|---|
| 003 | CHAP | ||
| 005 | 20220329140223.0 | ||
| 008 | 971013s1973 r 00010 d | ||
| 010 | _a48746 | ||
| 011 | _a49718 | ||
| 035 | _a53868 | ||
| 040 | _cCHAP | ||
| 082 |
_a632.95 _bV45 1973 |
||
| 100 | 0 | 0 |
_aVélez Luna, Enrique. _9120582 |
| 245 | _aNotas del curso de parasitidas agrícolas | ||
| 260 |
_aChapingo, Méx. : _b(s.e.), _c1973 |
||
| 300 | _a397 p. | ||
| 590 |
_aBATCH-UPD _b10 _c20130110 _lUCH01 _h0258 |
||
| 590 |
_aBATCH-UPD _b10 _c20130110 _lUCH01 _h2200 |
||
| 590 |
_aBATCH-UPD _b10 _c20130410 _lUCH01 _h1508 |
||
| 590 |
_aBATCH-UPD _b10 _c20130914 _lUCH01 _h1900 |
||
| 590 |
_aCONVERSION _b10 _c20130109 _lUCH01 _h1327 |
||
| 650 | 1 | 4 |
_aParasiticidas. _985462 |
| 650 | 1 | 4 |
_aPesticidas _xAlmacenamiento. _987537 |
| 901 | _aBK | ||
| 942 | _cLIBRO | ||
| 949 |
_a632.95 V45 1973 _bBC _cLIBRO _d-121992 _eLIBRO _fc.6 _h32603 _i53868 _mD _si |
||
| 949 |
_a632.95 V45 1973 _bBC _cLIBRO _d-121993 _eLIBRO _fc.7 _h32604 _i53868 _si |
||
| 949 |
_a632.95 V45 1973 _bBC _cLIBRO _d-121997 _eLIBRO _fc.11 _h32608 _i53868 _si |
||
| 949 |
_a632.95 V45 1973 _bBC _cLIBRO _d-121998 _eLIBRO _fc.12 _h32609 _i53868 _si |
||
| 949 |
_a632.95 V45 1973 _bBC _cLIBRO _d33724000186755 _eLIBRO _h32598 _i53868 _mD _si |
||
| 949 |
_a632.95 V45 1973 _bBC _cLIBRO _d33724000186763 _eLIBRO _fc.2 _h32599 _i53868 _mD _si |
||
| 949 |
_a632.95 V45 1973 _bBC _cLIBRO _d33724000186771 _eLIBRO _fc.5 _h32602 _i53868 _si |
||
| 949 |
_a632.95 V45 1973 _bBC _cLIBRO _d33724000186797 _eLIBRO _fc.10 _h32607 _i53868 _mD _si |
||
| 949 |
_a632.95 V45 1973 _bBC _cLIBRO _d33724000186805 _eLIBRO _fc.13 _h32610 _i53868 _mD _si |
||
| 949 |
_a632.95 V45 1973 _bBC _cLIBRO _d33724000186813 _eLIBRO _fc.15 _h32612 _i53868 _si |
||
| 949 |
_a632.95 V45 1973 _bBC _cLIBRO _d33724000186821 _eLIBRO _fc.16 _h32613 _i53868 _si |
||
| 949 |
_a632.95 V45 1973 _bBC _cLIBRO _d33724000186938 _eLIBRO _fc.17 _h32614 _i53868 _si |
||
| 949 |
_a632.95 V45 1973 _bBC _cLIBRO _d33724000678710 _eLIBRO _fc.9 _h32606 _i53868 _mD _si |
||
| 949 |
_a632.95 V45 1973 _bBC _cLIBRO _d33724000902078 _eLIBRO _fc.8 _h32605 _i53868 _mD _si |
||
| 949 |
_a632.95 V45 1973 _bBC _cUACH _d-136790 _eUACH _fc.14 _h32611 _i53868 _si |
||
| 999 |
_c48746 _d48746 |
||